Piłkarze Wisły Kraków - nagła śmierć - Statystyki

Ogólne statystyki
  • Ten quiz został rozwiązany 172 razy
  • Średni wynik to 9 z 14
Answers on the Grid
Answers color-coded by a green-red scale on the quiz's grid according to % correct below.
Jakub Blaszczykowski
Robert Lewandowski
Pawel Brozek
Sebastian Mila
Artjoms Rudņevs
Szymon Pawłowski
Ángel Rodado
Danijel Ljuboja
Miroslaw Szymkowiak
Maciej Żurawski
Rafał Kurzawa
Krzysztof Piątek
Patryk Małecki
Miroslav Radović
Kalu Uche
Tomasz Frankowski
Marco Paixão
Marcin Wasilewski
Rafał Murawski
Radoslaw Sobolewski
Marek Saganowski
Łukasz Trałka
Mariusz Jop
Semir Stilic
Arkadiusz Malarz
Slawomir Peszko
Maor Melikson
Grzegorz Piechna
 
Statystyki odpowiedzi
Odpowiedź % Poprawnych
Jakub Blaszczykowski
96%
Pawel Brozek
82%
Ángel Rodado
79%
Maciej Żurawski
73%
Mariusz Jop
69%
Patryk Małecki
64%
Tomasz Frankowski
64%
Kalu Uche
63%
Marcin Wasilewski
63%
Radoslaw Sobolewski
61%
Maor Melikson
52%
Miroslaw Szymkowiak
49%
Semir Stilic
49%
Slawomir Peszko
46%
Nie znaleziono quizów pasujących do podanych kryteriów
Rozkład punktacji
Procent ludzi z każdym wynikiem
Percentyl według liczby udzielonych odpowiedzi
Twoja historia wyników
Nie rozwiązałeś tego quizu